Sporcle UK Quiz Stats

 Plays Quiz Updated Mar 7, 2017

Challenge
Share
Tweet
Embed
Score 0/75 Timer 19:00
39 Plays Today
% Correct
Geography
Most Populated Cities
London
95%
Religion
Largest Religions (2011 Census)
Christianity (All denominations)
80.4%
History
Longest Reigning Monarchs
Elizabeth II
77.8%
Religion
Largest Religions (2011 Census)
Islam
77.1%
History
Longest Reigning Monarchs
Victoria
76.6%
Geography
Most Populated Cities
Birmingham
76.1%
Literature
British Author by Book
Charles Dickens
72.5%
Entertainment
Longest Running Andrew Lloyd Webber Musicals
Cats
69.6%
Sports
Most Top Flight Football League Championships (Team)
Manchester United(20 Titles)
68.7%
Holiday
Holiday By Manner of Celebration
New Years
66.8%
Geography
Most Populated Cities
Glasgow
66.7%
Miscellaneous
The Queen's Annual Homes
Buckingham Palace
64.2%
Holiday
Holiday By Manner of Celebration
Guy Fawkes Night
63.9%
Television
Soap Operas Currently Airing Nationally
Eastenders
63.5%
Just For Fun
'Greatest' Britons (from 2004 BBC Poll)
Winston Churchill
63%
Geography
Most Populated Cities
Liverpool
61.1%
Television
Soap Operas Currently Airing Nationally
Coronation Street
60.8%
Religion
Largest Religions (2011 Census)
Hinduism
60.6%
Science
British Scientists by Their Work
Isaac Newton
60.6%
Literature
British Author by Book
Jane Austen
59.3%
Music
Biggest Selling British Artists In the UK (Singles)
The Beatles
58.7%
Sports
Most Top Flight Football League Championships (Team)
Celtic F.C. (47 Titles)
58.5%
Holiday
Holiday By Manner of Celebration
Mayday
58%
Language
Word by Cockney Rhyming Slang
Stairs
57.5%
Entertainment
Longest Running Andrew Lloyd Webber Musicals
The Phantom of the Opera
56.7%
Sports
Most Top Flight Football League Championships (Team)
Rangers F.C. (54 Titles)
56.3%
Language
Word by Cockney Rhyming Slang
Hair
54.2%
Gaming
Most Expensive London Monopoly Properties
Mayfair
53.4%
Television
Soap Operas Currently Airing Nationally
Emmerdale
51.4%
Holiday
Holiday By Manner of Celebration
Shrove Tuesday
50.8%
Television
Soap Operas Currently Airing Nationally
Hollyoaks
49.7%
Religion
Largest Religions (2011 Census)
No Religion
47.2%
History
Longest Reigning Monarchs
George III
46.1%
Language
Word by Cockney Rhyming Slang
Look
45.1%
Miscellaneous
The Queen's Annual Homes
Windsor Castle
44.5%
Just For Fun
'Greatest' Britons (from 2004 BBC Poll)
Charles Darwin
44.1%
Language
Word by Cockney Rhyming Slang
Believe
43.3%
Miscellaneous
The Queen's Annual Homes
Balmoral Castle
42.9%
% Correct
Gaming
Most Expensive London Monopoly Properties
Park Lane
42.8%
Science
British Scientists by Their Work
Alexander Fleming
42.2%
Holiday
Holiday By Manner of Celebration
St David's Day
41.8%
Just For Fun
'Greatest' Britons (from 2004 BBC Poll)
William Shakespeare
39.5%
Just For Fun
'Greatest' Britons (from 2004 BBC Poll)
Isambard Kingdom Brunel
37.9%
History
Longest Reigning Monarchs
Henry III
37%
Geography
Most Populated Cities
Bristol
35.9%
Music
Biggest Selling British Artists In the UK (Singles)
Elton John
34.9%
Just For Fun
'Greatest' Britons (from 2004 BBC Poll)
Diana Spencer
34.7%
Miscellaneous
The Queen's Annual Homes
Sandringham House
34.6%
Literature
British Author by Book
Agatha Christie
33.7%
Music
Biggest Selling British Artists In the UK (Singles)
Cliff Richard
33.2%
Literature
British Author by Book
Enid Blyton
32.8%
Gaming
Most Expensive London Monopoly Properties
Oxford Street
31.9%
Music
Biggest Selling British Artists In the UK (Singles)
Queen
31.8%
Language
Word by Cockney Rhyming Slang
Word
31.2%
Gaming
Most Expensive London Monopoly Properties
Bond Street
31.2%
Television
Soap Operas Currently Airing Nationally
Doctors
31.1%
Gaming
Most Expensive London Monopoly Properties
Regent Street
30.7%
Science
British Scientists by Their Work
Alan Turing
25.5%
Science
British Scientists by Their Work
Edward Jenner
25.2%
History
Longest Reigning Monarchs
James VI of Scotland
24.9%
Entertainment
Longest Running Andrew Lloyd Webber Musicals
Jesus Christ Superstar
23.6%
Religion
Largest Religions (2011 Census)
Sikhism
22.6%
Entertainment
Longest Running Andrew Lloyd Webber Musicals
Starlight Express
22.4%
Entertainment
Longest Running Andrew Lloyd Webber Musicals
Evita
22.1%
Music
Biggest Selling British Artists In the UK (Singles)
Paul McCartney/David Bowie (tied)
16%
Movies
Highest Grossing British Films in the UK
Harry Potter and the Philosopher's Stone
12.1%
Science
British Scientists by Their Work
Michael Faraday
10.7%
Movies
Highest Grossing British Films in the UK
Harry Potter and the Chamber of Secrets
10.7%
Sports
Most Top Flight Football League Championships (Team)
Glentoran F.C. (23 Titles)
9.9%
Miscellaneous
The Queen's Annual Homes
The Palace of Holyroodhouse
9.7%
Sports
Most Top Flight Football League Championships (Team)
Linfield F.C. (51 Titles)
9%
Movies
Highest Grossing British Films in the UK
Casino Royale
8.8%
Movies
Highest Grossing British Films in the UK
Harry Potter and the Deathly Hallows Part 2
8.7%
Movies
Highest Grossing British Films in the UK
Mamma Mia!
6.1%
Literature
British Author by Book
Barbara Cartland
5.5%

You're not logged in!

Compare scores with friends on all Sporcle quizzes.
OR
Log In

You Might Also Like...

Show Comments

Extras

Top Quizzes Today


Score Distribution

Your Account Isn't Verified!

In order to create a playlist on Sporcle, you need to verify the email address you used during registration. Go to your Sporcle Settings to finish the process.

Report this User

Report this user for behavior that violates our Community Guidelines.

Details: